Empty meeting grounds : the tourist papers

Αποθηκεύτηκε σε:
Λεπτομέρειες βιβλιογραφικής εγγραφής
Κύριος συγγραφέας: MacCannell, Dean
Μορφή: Βιβλίο
Γλώσσα:English
Δημοσίευση: London : Routledge, 1992
Θέματα:
Ετικέτες: Προσθήκη ετικέτας
Δεν υπάρχουν, Καταχωρήστε ετικέτα πρώτοι!

MARC

LEADER 00000nam a2200000 i 4500
001 1/24878
008 950428s1992 eng d
020 |a 0-415-05693-4 
035 |l 10037196 
040 |a GR-MY-UA  |b gre  |e aacr 
041 0 |a eng 
082 0 |a 306.3 
100 1 |a MacCannell, Dean. 
245 1 0 |a Empty meeting grounds :  |b the tourist papers /  |c Dean MacCannell 
260 |a London :   |b Routledge,   |c 1992 
300 |a xii, 346 p. 
504 |a Includes bibliographical references and index 
650 0 0 |a Civilization, Modern  |y 20th century. 
650 0 0 |a Cultural relativism. 
650 0 0 |a Tourism  |x Social aspects. 
650 0 0 |a Postmodernism. 
852 |a INST  |b CHIOS  |e 19981202  |h 306.3 MAC  |p 005200015253  |q 005200015253  |t BK  |y 0 
852 |a INST  |b LESVOS  |e 19950428  |h 306.3 MAC  |p 005100000499  |q 005100000499  |t BK  |y 0 
901 |a BIBL-1998-3 
909 |a Λ  |b 040945 
909 |a Χ  |b 055092 
922 |a 2ΔΩΡ  |b 199812  |c ΤΔΕ  |d GLORYBOOK-ECONOMIST 
950 |a 086-1995-02-23